000 00582nam a2200181Ia 4500
008 090124s9999 xx 000 0 und d
082 _b18349
100 _aनंदा गुलशन
245 _a तीन एक्के / गुन्हा
250 _a1
260 _bमनोरंजन प्रकाशन
_c1978
300 _a135
600 _aनंदा गुलशन
630 _a तीन एक्के / गुन्हा
700 _aनंदा गुलशन
730 _a तीन एक्के / गुन्हा
942 _cBOOK
999 _c89423
_d89423